UK Town and City Trivia - Bristol - Statistics

General Stats
  • This quiz has been taken 103 times
  • The average score is 10 of 15
Answer Stats
Hint Answer % Correct
Street artist from Bristol, known for his works of social commentary Banksy
92%
Bristol's principal railway station {Temple} {Meads}
89%
Wide inlet separating Bristol from South Wales Bristol {Channel}
87%
Motorway that connects Bristol to London M4
87%
Designer of Bristol's iconic Clifton suspension bridge Isambard Kingdom Brunel
83%
Home stadium of Bristol City Football Club {Ashton} Gate
82%
Annual four-day flying festival, featuring a 'nightglow' Bristol {Balloon} Fiesta
76%
Now defunct county in which Bristol was a part between 1974 and 1996 Avon
74%
Supersonic aircraft that made its first UK flight from Filton airfield in 1969 Concorde
72%
Bristol animation studio whose films feature Wallace & Gromit {Aardman} Animations
64%
Bristol's professional Rugby Union team Bristol {Bears}
59%
Venetian explorer who sailed from Bristol to North America in 1497 John Cabot
41%
Stage name of film star Archibald Leach, born in Bristol in 1904 Cary Grant
32%
Ship on which the above expedition was made (Bristol has a full-size replica) Matthew
32%
Bristol born and actor best known for portraying Darth Vader on film David Prowse
23%
No matching quizzes found
Score Distribution
Percent of People with Each Score
Percentile by Number Answered
Your Score History
You have not taken this quiz